| 000 | 00573nam a22002177a 4500 | ||
|---|---|---|---|
| 003 | OSt | ||
| 005 | 20140702190257.0 | ||
| 008 | 140702b xxu||||| |||| 00| 0 eng d | ||
| 020 | _a9780808924067 | ||
| 040 | _cDNLM | ||
| 082 |
_aQS4 D782 2010 _bD |
||
| 100 |
_aDrake, Richard L. _9313 |
||
| 245 | _aGray's anatomy for students | ||
| 250 | _a2nd ed. | ||
| 260 |
_aPhiladelphia: _bChurchill _c2010 |
||
| 300 |
_axxv,1103p; _bcol.Ill: _c28cm |
||
| 504 | _aIndex included. | ||
| 650 |
_aAnatomy _9124 |
||
| 700 |
_aVogl Wayne A., Mitchell Adam W.M. _9314 |
||
| 942 |
_2z _cO_SHELF |
||
| 999 |
_c116 _d116 |
||